000 00277nam a22001337a 4500
008 170731b xxu||||| |||| 00| 0 eng d
020 _a9780697067227
041 _aeng
080 _26TH
_a004
100 _a32
101 _aSHK
245 _aCOBOL
_cWOLFF,L
942 _2udc
_cBK
999 _c22305
_d22305